Bosquejo histórico sobre la instrucción pública en Mallorca / (Record no. 29283)

MARC details
000 -LEADER
campo de control de longitud fija 00555nam a2200157 i 4500
001 - NÚMERO DE CONTROL
campo de control 29283
003 - IDENTIFICADOR DE NÚMERO DE CONTROL
campo de control ES-MaACL
005 - FECHA Y HORA DE LA ÚLTIMA TRANSACCIÓN
campo de control 20230906154014.0
007 - CAMPO FIJO DE DESCRIPCIÓN FÍSICA--INFORMACIÓN GENERAL
campo de control de longitud fija t|
008 - DATOS DE LONGITUD FIJA--INFORMACIÓN GENERAL
campo de control de longitud fija 030121s1904 sp ||||1| spa d
100 1# - ENTRADA PRINCIPAL--NOMBRE DE PERSONA
Nombre de persona Ballester y Castell, Rafael.
9 (RLIN) 25027
245 10 - MENCIÓN DEL TÍTULO
Título Bosquejo histórico sobre la instrucción pública en Mallorca /
Mención de responsabilidad, etc. Rafael Ballester y Castell.
260 ## - PUBLICACIÓN, DISTRIBUCIÓN, ETC.
Lugar de publicación, distribución, etc. Palma de Mallorca :
Nombre del editor, distribuidor, etc. [s.n.,
Fecha de publicación, distribución, etc. 1904]
500 ## - NOTA GENERAL
Nota general Trabajo premiado en el certamen literario verificado en Palma de Mallorca, en Agosto de 1903.
852 ## - LOCALIZACIÓN
Ubicación ES-MaACL
Número de control de estantería T-1060-F-12
Holdings
Estatus retirado Estado de pérdida Estado de daño No para préstamo Colección Biblioteca de origen Biblioteca actual Ubicación en estantería Fecha de adquisición Fuente de adquisición Total de préstamos Signatura topográfica completa Código de barras Visto por última vez Precio de reemplazo Tipo de ítem Koha
        Colección de folletos Biblioteca del Ateneo de Madrid Biblioteca del Ateneo de Madrid Depósito folletos 17/01/2008     T-1060-F-12 1030231 23/02/2023 23/02/2023 Folleto